000 00405nam a22001577a 4500
003 OSt
008 220825b |||||||| |||| 00| 0 eng d
020 _a9788183875370
082 _a630.33
_bJAY/AG
100 _aJayasheela
_95241
245 _aAgricultural marketing in India directions for development
250 _a1st
260 _aNew delhi
_bserial publications
_c2012
300 _a350
942 _cBK
999 _c17542
_d17542